Návrh systému zdokonalenia riadenia ľudských zdrojov diplomová práca

Enregistré dans:
Détails bibliographiques
Auteur principal: Matejová, Silvia
Collectivité auteur: Podnikovohospodárska fakulta EU so sídlom v Košiciach. Katedra manažmentu
Autres auteurs: Pudło, Patrycja
Format: Livre
Langue:slovaque
Publié: Košice 2013
Tags: Ajouter un tag
Pas de tags, Soyez le premier à ajouter un tag!

MARC

LEADER 00000nbm a2200000 4500
001 0170189
005 20161109102327.1
041 0 |a slo 
044 |a SK 
245 1 0 |a Návrh systému zdokonalenia riadenia ľudských zdrojov  |b diplomová práca  |c Silvia Matejová ; školiteľ: Patrycja Pudło 
264 1 |a Košice  |c 2013 
300 |a 81 s. 
100 1 |a Matejová, Silvia 
700 1 |a Pudło, Patrycja 
710 2 |a Podnikovohospodárska fakulta EU so sídlom v Košiciach. Katedra manažmentu